Automatizovaný dokumentografický systém pracovnoprávnych informácií (APPIS)

Saved in:
Bibliographic Details
Main Author: Bublávková, Jana
Other Authors: Čulík, František, Delikát, Tomáš
Format: Book
Language:Slovak
Published: Bratislava Československý výskumný ústav práce a sociálnych vecí 1982
Series:Výskumné práce 61 Rad A
Tags: Add Tag
No Tags, Be the first to tag this record!

MARC

LEADER 00000nam a2200000 4500
001 c132193
005 20200722103037.3
041 0 |a slo 
044 |a SK 
245 1 0 |a Automatizovaný dokumentografický systém pracovnoprávnych informácií (APPIS)  |c Jana Bublávková, František Čulík, Tomáš Delikát 
264 1 |a Bratislava  |b Československý výskumný ústav práce a sociálnych vecí  |c 1982 
300 |a 85 s. 
490 1 |a Výskumné práce 61  |v Rad A 
830 0 |a Výskumné práce 61  |v Rad A 
100 1 |a Bublávková, Jana 
700 1 |a Čulík, František 
700 1 |a Delikát, Tomáš